01569nam a2200301 a 450000100100000000500170001000800410002702000180006802000290008604000250011508200210014010000380016124500760019926000420027530000240031750000520034150000600039350000530045350400280050659000260053495201230056095201230068395201080080695201140091495201080102895201140113699900170125000004709920201002053345.0180416s2006 dr a 000 0 spa d a9789945468649 a9789945468700 (cuaderno) aDO-SdBNPbspacBNPHU axxxxbT233a, 3ro1 aTaveras de Frías, Reyita93777110aAprendamos matemática 3 :btercer grado /cReyita Taveras de Frías. aSanto Domingo :bAlfa y Omega,c2006. av. :bil. ;c28 cm. aIncluye datos biográficos de la autora p. 174 aLa biblioteca posee el cuaderno y libro del estudiantes aMinisterio de Educación República Dominicana aBibliografía : p. 175 aInventariado, 2018/LP 001054708PDaGRbGRcHDd2018-04-16iLF1l0ov. 1, e. 3p47099-30r2020-06-25w2020-06-25yLFPDZPréstamo en sala 001054708PDaGRbGRcHDd2018-11-09iLF1l0ov. 2, e. 3p47099-60r2020-06-25w2020-06-25yLFPDZPréstamo en sala 0010718PDaPDbPDcHDd2018-04-16iLF1l0ov. 1p47099-10r2020-06-25w2020-06-25yLFPDZNo se presta 0010718PDaPDbPDcHDd2018-04-16iLF1l0ov. 1, e. 2p47099-20r2020-06-25w2020-06-25yLFPDZNo se presta 0010718PDaPDbPDcHDd2018-11-09iLF1l0ov. 2p47099-40r2020-06-25w2020-06-25yLFPDZNo se presta 0010718PDaPDbPDcHDd2018-11-09iLF1l0ov. 2, e. 2p47099-50r2020-06-25w2020-06-25yLFPDZNo se presta c46587d46587